|
|
|
|
| LEADER |
00000nab a2200000 a 4500 |
| 001 |
vtls000105474 |
| 003 |
SK-MaSNL |
| 005 |
20260303175920.0 |
| 008 |
150430c1982 xo 0 slo |
| 015 |
|
|
|a SNBRB19rr/mm-uuuuu
|
| 035 |
|
|
|a CL0115577
|
| 040 |
|
|
|a SNKBUCL
|b slo
|c SNKBUCL
|e AACR2
|
| 041 |
0 |
|
|a slo
|
| 044 |
|
|
|a xo
|c SK
|
| 080 |
|
|
|a 82.09:882-3(048)
|2 1981
|
| 080 |
|
|
|a 882-3(048)
|2 1981
|
| 100 |
1 |
|
|a Borčin, Emil,
|d 1946-
|4 aut
|9 222311
|
| 245 |
1 |
0 |
|a Slovo o váhe hodnôt
|b Na okraj novely Valentina Rasputina Lúčenie
|c Emil Borčin ; Valentin Rasputin
|
| 650 |
0 |
7 |
|a novely psychologické
|2 snkbucl
|9 898706
|
| 650 |
0 |
7 |
|a sovietska literatúra
|2 snkbucl
|9 22300
|
| 655 |
|
7 |
|a články z novín a časopisov
|2 snkbucl
|9 267496
|
| 655 |
|
7 |
|a články z odboru literárna veda a krásna literatúra
|2 snkbucl
|9 770045
|
| 700 |
1 |
|
|a Rasputin, Valentin Grigor'jevič,
|d 1937-2015
|4 aut
|9 165966
|
| 773 |
0 |
|
|t Práca
|g Roč. 37, č. 11 (14. 1. 1982), s. 6
|
| 787 |
0 |
8 |
|i Rec.:
|a Rasputin, Valentin
|t Lúčenie
|d Bratislava : Smena, 1981
|
| 850 |
|
|
|a Slovenská národná knižnica v Martine
|a MTA001
|
| 852 |
|
|
|a SNK
|b KIS3GCP
|
| 958 |
|
|
|a RK
|
| 958 |
|
|
|a LX
|
| 958 |
|
|
|a SK
|
| 992 |
|
|
|a RBX
|
| 999 |
|
|
|c 2103913
|d 2105843
|